000 01698nam a2200469 i 4500
001 ELB105704
003 FINmELB
005 20250326043521.0
006 m o u
007 cr cn|||||||||
008 210309s2013 sp ob 001 0 spa d
020 _a9781512966503
_q(e-book)
020 _z9788492889655
035 _a(OCoLC)1241985581
040 _aFINmELB
_bspa
_erda
_cFINmELB
050 4 _aHC79.E5
_bI475 2013
080 _a502.17
082 0 4 _a363.7
_223
245 0 0 _aImplantación de agendas 21 /
_ccoordinadora de la obra: Estefanía Navas Cuenca.
250 _a2a. Edición.
264 1 _aMálaga :
_bEditorial ICB,
_c2013.
300 _a1 recurso en línea (195 páginas)
336 _atexto
_btxt
_2rdacontent/spa
337 _acomputadora
_bc
_2rdamedia/spa
338 _arecurso en línea
_bcr
_2rdacarrier/spa
500 _aContiene índice.
500 _aIncluye solucionario.
504 _aIncluye bibliografía.
588 _aDescripción basada en metadatos suministrados por el editor y otras fuentes.
590 _aRecurso electrónico. Santa Fe, Arg.: elibro, 2021. Disponible vía World Wide Web. El acceso puede estar limitado para las bibliotecas afiliadas a elibro.
650 0 _aEnvironmental policy.
650 4 _aProtección del medio ambiente.
650 4 _aPolítica de medio ambiente.
650 0 _aEnvironmental protection.
655 4 _aLibros electrónicos.
700 1 _aNavas Cuenca, Estefanía,
_ecoordinador.
797 2 _aelibro, Corp.
856 4 0 _uhttps://elibro.net/ereader/usam/105704
999 _c147800
_d147800